<?xml version="1.0" encoding="UTF-8"?>
<record
    xmlns:xsi="http://www.w3.org/2001/XMLSchema-instance"
    xsi:schemaLocation="http://www.loc.gov/MARC21/slim http://www.loc.gov/standards/marcxml/schema/MARC21slim.xsd"
    xmlns="http://www.loc.gov/MARC21/slim">

  <leader>01718cam a2200301 a 4500</leader>
  <datafield tag="999" ind1=" " ind2=" ">
    <subfield code="c">8869</subfield>
    <subfield code="d">8869</subfield>
  </datafield>
  <controlfield tag="001">29358900</controlfield>
  <controlfield tag="003">OCoLC</controlfield>
  <controlfield tag="005">20241126110700.0</controlfield>
  <controlfield tag="008">931025s1993    ilu      b    000 0 eng  </controlfield>
  <datafield tag="010" ind1=" " ind2=" ">
    <subfield code="a">   93041901</subfield>
  </datafield>
  <datafield tag="020" ind1=" " ind2=" ">
    <subfield code="a">0830816577 (pbk. : alk. paper)</subfield>
  </datafield>
  <datafield tag="020" ind1=" " ind2=" ">
    <subfield code="a">9780830816576 (pbk. : alk. paper)</subfield>
  </datafield>
  <datafield tag="035" ind1=" " ind2=" ">
    <subfield code="a">(OCoLC)29358900</subfield>
  </datafield>
  <datafield tag="040" ind1=" " ind2=" ">
    <subfield code="a">DLC</subfield>
    <subfield code="b">eng</subfield>
    <subfield code="c">DLC</subfield>
    <subfield code="d">BAKER</subfield>
    <subfield code="d">BTCTA</subfield>
    <subfield code="d">MZN</subfield>
    <subfield code="d">YDXCP</subfield>
    <subfield code="d">OCLCG</subfield>
    <subfield code="d">HNW</subfield>
    <subfield code="d">BDX</subfield>
    <subfield code="d">OCLCO</subfield>
    <subfield code="d">OCLCF</subfield>
  </datafield>
  <datafield tag="050" ind1="0" ind2="0">
    <subfield code="a">BV4597.53.C58</subfield>
    <subfield code="b">E55 1993</subfield>
  </datafield>
  <datafield tag="082" ind1="0" ind2="0">
    <subfield code="a">261.834</subfield>
    <subfield code="2">20</subfield>
    <subfield code="b">ELM</subfield>
  </datafield>
  <datafield tag="092" ind1="0" ind2=" ">
    <subfield code="a">261.83334</subfield>
    <subfield code="b">E482</subfield>
  </datafield>
  <datafield tag="100" ind1="1" ind2=" ">
    <subfield code="a">Elmer, Duane,</subfield>
    <subfield code="d">1943-</subfield>
    <subfield code="9">15531</subfield>
  </datafield>
  <datafield tag="245" ind1="1" ind2="0">
    <subfield code="a">Cross-cultural conflict :</subfield>
    <subfield code="b">building relationships for effective ministry /</subfield>
    <subfield code="c">Duane Elmer.</subfield>
  </datafield>
  <datafield tag="260" ind1=" " ind2=" ">
    <subfield code="a">Downers Grove, Ill. :</subfield>
    <subfield code="b">InterVarsity Press,</subfield>
    <subfield code="c">c1993.</subfield>
  </datafield>
  <datafield tag="300" ind1=" " ind2=" ">
    <subfield code="a">189 p. ;</subfield>
    <subfield code="c">21 cm.</subfield>
  </datafield>
  <datafield tag="504" ind1=" " ind2=" ">
    <subfield code="a">Includes bibliographical references (p. [187]-189).</subfield>
  </datafield>
  <datafield tag="505" ind1="0" ind2="0">
    <subfield code="g">Pt. 1.</subfield>
    <subfield code="t">Understanding conflict and culture.</subfield>
    <subfield code="t">The amazing contours of conflict ;</subfield>
    <subfield code="t">Cultural diversity was God's idea (and so was unity) ;</subfield>
    <subfield code="t">Handling conflict the American way ;</subfield>
    <subfield code="t">Conflict and cultural values --</subfield>
    <subfield code="g">Pt. 2.</subfield>
    <subfield code="t">Cultural diversity and conflict resolution.</subfield>
    <subfield code="t">Mediation and the mediator ;</subfield>
    <subfield code="t">The one-down position and vulnerability ;</subfield>
    <subfield code="t">Storytelling and proverbs ;</subfield>
    <subfield code="t">Inaction, misdirection, silence and indefinite persons --</subfield>
    <subfield code="g">Pt. 3.</subfield>
    <subfield code="t">Implications for the gospel message.</subfield>
    <subfield code="t">Communicating the gospel across cultures ;</subfield>
    <subfield code="t">Power and winning : the twin diseases ;</subfield>
    <subfield code="t">Communication principles for conflict resolution : a case study from Joshua ;</subfield>
    <subfield code="t">Principles for managing conflict.</subfield>
  </datafield>
  <datafield tag="650" ind1=" " ind2="0">
    <subfield code="a">Conflict management</subfield>
    <subfield code="x">Religious aspects</subfield>
    <subfield code="x">Christianity.</subfield>
    <subfield code="9">129</subfield>
  </datafield>
  <datafield tag="650" ind1=" " ind2="0">
    <subfield code="a">Missionaries</subfield>
    <subfield code="x">Training of.</subfield>
    <subfield code="9">2867</subfield>
  </datafield>
  <datafield tag="650" ind1=" " ind2="0">
    <subfield code="a">Intergroup relations.</subfield>
    <subfield code="9">15572</subfield>
  </datafield>
  <datafield tag="942" ind1=" " ind2=" ">
    <subfield code="2">ddc</subfield>
    <subfield code="c">BK</subfield>
    <subfield code="0">3</subfield>
  </datafield>
  <datafield tag="952" ind1=" " ind2=" ">
    <subfield code="0">0</subfield>
    <subfield code="1">0</subfield>
    <subfield code="2">ddc</subfield>
    <subfield code="4">0</subfield>
    <subfield code="7">0</subfield>
    <subfield code="a">GBC</subfield>
    <subfield code="b">GBC</subfield>
    <subfield code="c">MNMS</subfield>
    <subfield code="d">2022-01-10</subfield>
    <subfield code="l">3</subfield>
    <subfield code="o">261.834 ELM</subfield>
    <subfield code="p">015352</subfield>
    <subfield code="r">2025-05-01 00:00:00</subfield>
    <subfield code="s">2024-02-26</subfield>
    <subfield code="t">c.1</subfield>
    <subfield code="w">2022-01-10</subfield>
    <subfield code="y">BK</subfield>
  </datafield>
</record>
